Fallout: New Vegas Locations on a Map - Statistics

General Stats
  • This quiz has been taken 954 times
  • The average score is 15 of 29
Answers on the Map
Answers color-coded by a green-red scale on the quiz's map according to % correct below.
 
Answer Stats
Answer % Correct
New Vegas
96%
Goodsprings
84%
Novac
78%
Hoover Dam
74%
Primm
74%
Freeside
66%
Nipton
63%
Black Mountain
60%
Jacobstown
56%
Mojave Outpost
55%
Nellis AFB
55%
Camp McCarran
54%
HELIOS One
52%
Quarry Junction
52%
The Fort
52%
Hidden Valley
51%
Boulder City
50%
REPCONN Test Site
47%
Camp Searchlight
45%
Cottonwood Cove
45%
Red Rock Canyon
43%
Sloan
43%
Westside
42%
Camp Golf
41%
NCR Correctional Facility
38%
Nelson
38%
Bitter Springs
32%
188 Trading Post
29%
Sunset Sarsaparilla HQ
28%
No matching quizzes found
Score Distribution
Percent of People with Each Score
Percentile by Number Answered
Your Score History
You have not taken this quiz